STRATEGIC APPROACHES TO HIV/AIDS Prevention and Control (Record no. 14214)

MARC details
000 -LEADER
fixed length control field 00629nam a2200241 a 4500
020 ## - INTERNATIONAL STANDARD BOOK NUMBER
ISBN 817273185X
082 00 - DEWEY DECIMAL CLASSIFICATION NUMBER
Classification number 362.1969
Author Cutter RAM
100 ## - MAIN ENTRY--AUTHOR NAME
Author name Ramamurthy, V
245 ## - TITLE STATEMENT
Title STRATEGIC APPROACHES TO HIV/AIDS Prevention and Control
260 ## - PUBLICATION, DISTRIBUTION, ETC. (IMPRINT)
Place of publication Delhi
Name of publisher Author Press
Year of publication 2004
300 ## - PHYSICAL DESCRIPTION
Number of Pages 281p
500 ## - GENERAL NOTE
General note includes index and biblioraphy
505 2# - FORMATTED CONTENTS NOTE
Formatted contents note references, bibliography
650 ## - SUBJECT ADDED ENTRY--TOPICAL TERM
Topical Term Aids-Prevention
942 ## - ADDED ENTRY ELEMENTS (KOHA)
Koha item type Books
700 1# -
-- Ramamurthy, V
Holdings
Collection code Home library Current library Date acquired Cost, normal purchase price Full call number Accession Number Koha item type
  Henry Martyn Institute Library Henry Martyn Institute Library 11/27/2007 700.00 362.1969 RAM 021438 Books
                   Copyright © 2026 | Henry Martyn Institute | Hyderabad | TS-500052 | INDIA | Implemented by hmi.edu.in
Hit-Count:

Powered by Koha